1767 1518 1611 1896 1088 1736 1683 1198 1204 1120 1834 1521 1714 1003 1184 1793 1288 1617 1666 1184 1254 1558 1745 1286 1340 1316 1808 1310 1312 1698 1928 1447 1802 1114 1576 1222 1220 1768 1536 1915 1460 1049 1067 1789 1674 1876 1978 1818 1386 1246 1231 1792 1247 1417 1614 1659 1562 1341 1068 1009 1617 1344 1208 1372 1094 1556 1086 1777 1909 1117 1524 1595 1484 1716 1066 1294 1610 1277 1801 1412 1268 1219 1317 1688 1189 1747 1581 1800 1278 1618 1240 1029 1551 1668 1958 1245 1048 1581 1461 BCNSPRNW ULIB Ver.6.0+V

เปลี่ยนเป็นภาษาไทย

Change to English
 แสดงรายละเอียดบรรณานุกรม
  กลับหน้าหลัก

Brief Record : Get Marc (ISO 2709) : E-mail record : QR code < ปิดหน้าต่าง
LEADER : 00000nam 2200000uu 4500
001    13399115096
003     ULIB
008    120709s2551||||th 000 0 tha d
020    ^a9789741002368
090    ^aนว.^bจ575 2551
100 0  ^aเจ้าหญิงผู้เลอโฉม
245 00 ^aจอมเวทที่รักพิทักษ์ใจยัยจอมซ่าส์/^cเจ้าหญิงผู้เลอโฉม
250    ^aพิมพ์ครั้งที่ 1
260    ^aกรุงเทพฯ :^bแจ่มใส,^c2551
300    ^a226 หน้า
710 1  ^aแจ่มใส
945    ^p0^l0^i15326
995    ^aกัณชพร
999    ^aใช้งานได้ทุกระบบ
รายการนี้ยังไม่มีแท็ก
คุณยังไม่ได้ล็อกอิน คุณสามารถมีกิจกรรมร่วมกับเว็บไซต์ได้ แต่ต้องล็อกอินก่อน ::
  ล็อกอิน

รายการสื่อสารสนเทศ

ลำดับที่ ประเภท เลขเรียก/บาร์โค้ด สถานที่ สถานะ
1. นวนิยาย
นวนิยาย
นว. จ575 2551  
  Barcode: 15326
ห้องสมุดวิทยาเขตสวรรค์ประชารักษ์
►นวนิยาย
บนชั้น
  ขอยืม

รายการใกล้เคียง
    ผู้แต่ง [เจ้าหญิงผู้เลอโฉม]

BibComment


ยังไม่เคยถูกคอมเมนท์

คอมเมนท์ทรัพยากรรายการนี้
  คอมเมนท์: จอมเวทที่รักพิทั..


 Copyright 2026. Bcnsprnw @Library